Statistiques concernant QCM de culture générale niveau moyen

Cliquez ici pour prendre le quiz!

Statistiques générales

  • Ce quiz a été pris 116 fois
  • Le résultat moyen est 11 sur 20

Statistiques - réponses

QuestionRéponse% Correct
Comment est qualifiée une question qui n’attend pas de réponse ?Rhétorique
81%
Quel animal est appelé "Chat-ours" par les Chinois et "Renard de feu" chez les Anglais ?le Panda roux
78%
Combien de pays dans le monde ont un nom qui commence par la lettre Z ?2
77%
Laquelle de ces maladies est causée par une bactérie ?la peste
67%
Traditionnellement, combien de dents comporte une fourchette à escargot ?2
65%
Quelle est la signification du mot abscons dans la phrase “Un langage abscons” ?Difficile à comprendre
62%
Dans quelle ville se trouve le Stade Bollaert ?Lens
61%
Quelle est la distance parcourue par un Airbus A320 qui vole 2h15 à 840 km/h ?1890 km
60%
Autrefois, quel était le nom des artisans qui décoraient à la main les manuscrits ?Enlumineur
59%
Quelle philosophie éducative italienne consiste à développer l’autonomie, la curiosité et la créativité des enfants ?Montessori
57%
Qui a été la première épouse de l’acteur Brad Pitt ?Jennifer Aniston
53%
Qui est l’auteur du roman “À la recherche du temps perdu” ?Marcel Proust
52%
Comment s’appelait le pigeon décoré de la Croix de guerre pendant la Première Guerre mondiale ?Vaillant
52%
Quel personnage de Molière dit : “Que diable allait-il faire dans cette galère” ?Géronte dans les Fourberies de Scapin
51%
Quel nom désigne les habitants de la ville de Rio de Janeiro ?Carioca
48%
Comment désigne-t-on une espèce animale dont l’embryon se développe à l’intérieur de l’utérus de la mère ?Vivipare
38%
Dans quelle ville française peut-on visiter la Cité Radieuse de Le Corbusier ?Marseille
35%
Quel célèbre personnage fête les 50 ans de sa création en 2024 ?Casimir
33%
Combien d’éditions du Tour de France n’ont aujourd’hui plus de vainqueur après l’annulation des victoires de Lance Armstrong ?7
31%
Quel animal se trouve au-dessus d'un aigle sur le drapeau de la région Provence-Alpes-Côte d'Azur ?Dauphin
30%

Distribution des résultats

Percentile par nombre de réponses

% des personnes avec chaque résultat

Votre développement - résultats

Vous n’avez pas pris ce quiz